000 00274nam a2200109Ia 4500
008 200302s9999 xx 000 0 und d
100 _aSimon Dresner
245 _aThe Principles of Sustainability
260 _bEarthScan Publications Ltd.
260 _c2005
300 _a200 P.,
999 _c5716
_d5716